<?xml version="1.0" encoding="UTF-8"?>
<record
    xmlns:xsi="http://www.w3.org/2001/XMLSchema-instance"
    xsi:schemaLocation="http://www.loc.gov/MARC21/slim http://www.loc.gov/standards/marcxml/schema/MARC21slim.xsd"
    xmlns="http://www.loc.gov/MARC21/slim">

  <leader>03145nam a2200541 u 4500</leader>
  <controlfield tag="001">1556753</controlfield>
  <controlfield tag="005">20251119100954.0</controlfield>
  <controlfield tag="008">210424s2019                        spa  </controlfield>
  <datafield tag="020" ind1=" " ind2=" ">
    <subfield code="a">9786075268392</subfield>
  </datafield>
  <datafield tag="035" ind1=" " ind2=" ">
    <subfield code="a">1556753</subfield>
  </datafield>
  <datafield tag="040" ind1=" " ind2=" ">
    <subfield code="c">comduadb</subfield>
  </datafield>
  <datafield tag="041" ind1=" " ind2=" ">
    <subfield code="a">spa</subfield>
  </datafield>
  <datafield tag="082" ind1=" " ind2="4">
    <subfield code="a">150</subfield>
  </datafield>
  <datafield tag="100" ind1="1" ind2="0">
    <subfield code="a">Coon, Dennis</subfield>
    <subfield code="4">aut</subfield>
    <subfield code="0">(isni)0000 0001 0862 9274</subfield>
    <subfield code="0">(viaf)2543190</subfield>
    <subfield code="e">aut</subfield>
    <subfield code="9">480321</subfield>
  </datafield>
  <datafield tag="245" ind1="1" ind2="0">
    <subfield code="a">Introducci&#xF3;n a la psicolog&#xED;a : el acceso a la mente y la conducta</subfield>
  </datafield>
  <datafield tag="250" ind1=" " ind2=" ">
    <subfield code="a">14. edici&#xF3;n</subfield>
  </datafield>
  <datafield tag="260" ind1=" " ind2=" ">
    <subfield code="a">M&#xE9;xico :</subfield>
    <subfield code="b">Cengage Learning,</subfield>
    <subfield code="c">2019.</subfield>
  </datafield>
  <datafield tag="300" ind1=" " ind2=" ">
    <subfield code="a">562 p&#xE1;ginas :</subfield>
    <subfield code="b">ilustraciones a color.</subfield>
  </datafield>
  <datafield tag="505" ind1=" " ind2=" ">
    <subfield code="a">CONTENIDO: Introducci&#xF3;n: El conjunto de habilidades de los psic&#xF3;logos: estudiando de forma reflexiva. -- Cap&#xED;tulo 1. Psicolog&#xED;a, pensamiento cr&#xED;tico y ciencia. -- Cap&#xED;tulo 2. Cerebro y conducta. -- Cap&#xED;tulo 3. Desarrollo humano. -- Cap&#xED;tulo 4. Sensaci&#xF3;n y percepci&#xF3;n. -- Cap&#xED;tulo 5. Estados de la conciencia. -- Cap&#xED;tulo 6. Condicionamiento y aprendizaje. -- Cap&#xED;tulo 7. Memoria. -- Cap&#xED;tulo 8. Cognici&#xF3;n, lenguaje y creatividad. -- Cap&#xED;tulo 9. Inteligencia. -- Cap&#xED;tulo 10. Motivaci&#xF3;n y emoci&#xF3;n. -- Cap&#xED;tulo 11. Personalidad. -- Cap&#xED;tulo 12. Salud, estr&#xE9;s y afrontamiento. -- Cap&#xED;tulo 13. Pensamiento social e influencia social. -- Cap&#xED;tulo 14. Conducta prosocial y antisocial. -- Cap&#xED;tulo 15. Psicolog&#xED;a aplicada: el conjunto de habilidades de los psic&#xF3;logos. -- Ap&#xE9;ndice: dominio de la estad&#xED;stica. -- &#xCD;ndice anal&#xED;tico / glosario.</subfield>
  </datafield>
  <datafield tag="520" ind1="3" ind2=" ">
    <subfield code="a">RESUMEN: &#xA1;Saludos de tus autores! Esperamos ser tus gu&#xED;as mientras exploras el emocionante campo de la psicolog&#xED;a y nuestra siempre cambiante comprensi&#xF3;n de la conducta humana. En un sentido muy real, escribimos este libro sobre ti, para ti y por ti. Sinceramente esperamos que, al igual que nosotros, encuentres que lo que aprendes es a la vez familiar, ex&#xF3;tico, sorprendente y desafiante.</subfield>
  </datafield>
  <datafield tag="650" ind1=" " ind2="7">
    <subfield code="a">Psicolog&#xED;a</subfield>
    <subfield code="2">dcs</subfield>
    <subfield code="9">3096</subfield>
  </datafield>
  <datafield tag="650" ind1=" " ind2=" ">
    <subfield code="a">Mente y conducta</subfield>
    <subfield code="9">209658</subfield>
  </datafield>
  <datafield tag="650" ind1=" " ind2="7">
    <subfield code="a">Cerebro</subfield>
    <subfield code="2">lemb</subfield>
    <subfield code="9">5206</subfield>
  </datafield>
  <datafield tag="650" ind1=" " ind2="7">
    <subfield code="a">Desarrollo humano</subfield>
    <subfield code="2">dcs</subfield>
    <subfield code="9">40528</subfield>
  </datafield>
  <datafield tag="650" ind1=" " ind2=" ">
    <subfield code="a">Sensaci&#xF3;n</subfield>
    <subfield code="9">61010</subfield>
  </datafield>
  <datafield tag="650" ind1=" " ind2=" ">
    <subfield code="a">Percepci&#xF3;n (Psicolog&#xED;a)</subfield>
    <subfield code="9">59905</subfield>
  </datafield>
  <datafield tag="650" ind1=" " ind2="7">
    <subfield code="a">Memoria</subfield>
    <subfield code="2">lemb</subfield>
    <subfield code="9">2153</subfield>
  </datafield>
  <datafield tag="650" ind1=" " ind2=" ">
    <subfield code="a">Mnemotecnia</subfield>
    <subfield code="9">70825</subfield>
  </datafield>
  <datafield tag="650" ind1=" " ind2=" ">
    <subfield code="a">Cognici&#xF3;n (Psicolog&#xED;a)</subfield>
    <subfield code="9">204622</subfield>
  </datafield>
  <datafield tag="650" ind1=" " ind2=" ">
    <subfield code="a">G&#xE9;nero y sexualidad</subfield>
    <subfield code="9">64103</subfield>
  </datafield>
  <datafield tag="650" ind1=" " ind2="7">
    <subfield code="a">Timidez</subfield>
    <subfield code="2">lemb</subfield>
    <subfield code="9">6140</subfield>
  </datafield>
  <datafield tag="650" ind1=" " ind2=" ">
    <subfield code="a">Estr&#xE9;s</subfield>
    <subfield code="9">187580</subfield>
  </datafield>
  <datafield tag="650" ind1=" " ind2="7">
    <subfield code="a">Trastornos psicol&#xF3;gicos</subfield>
    <subfield code="2">comduadb</subfield>
    <subfield code="9">143765</subfield>
  </datafield>
  <datafield tag="650" ind1=" " ind2=" ">
    <subfield code="a">Terapias</subfield>
    <subfield code="9">41794</subfield>
  </datafield>
  <datafield tag="650" ind1=" " ind2=" ">
    <subfield code="a">Suicidio - Aspectos psicol&#xF3;gicos</subfield>
    <subfield code="9">67552</subfield>
  </datafield>
  <datafield tag="650" ind1=" " ind2=" ">
    <subfield code="a">Asertividad (Psicolog&#xED;a)</subfield>
    <subfield code="9">11156</subfield>
  </datafield>
  <datafield tag="650" ind1=" " ind2=" ">
    <subfield code="a">Conducta</subfield>
    <subfield code="9">15969</subfield>
  </datafield>
  <datafield tag="650" ind1=" " ind2="7">
    <subfield code="a">Multiculturalismo</subfield>
    <subfield code="2">embne</subfield>
    <subfield code="9">176939</subfield>
  </datafield>
  <datafield tag="650" ind1=" " ind2="7">
    <subfield code="a">Conducta humana</subfield>
    <subfield code="2">armarc</subfield>
    <subfield code="9">32172</subfield>
  </datafield>
  <datafield tag="650" ind1=" " ind2=" ">
    <subfield code="a">Conductas antisociales</subfield>
    <subfield code="9">74518</subfield>
  </datafield>
  <datafield tag="650" ind1=" " ind2="7">
    <subfield code="a">Psicolog&#xED;a aplicada</subfield>
    <subfield code="2">lemb</subfield>
    <subfield code="9">43887</subfield>
  </datafield>
  <datafield tag="650" ind1=" " ind2="7">
    <subfield code="a">Personalidad</subfield>
    <subfield code="2">lemb</subfield>
    <subfield code="9">550</subfield>
  </datafield>
  <datafield tag="650" ind1=" " ind2="7">
    <subfield code="a">Motivaci&#xF3;n (Psicolog&#xED;a)</subfield>
    <subfield code="2">lemb</subfield>
    <subfield code="9">19584</subfield>
  </datafield>
  <datafield tag="700" ind1="1" ind2="0">
    <subfield code="a">Mitterer, John O.</subfield>
    <subfield code="4">aut</subfield>
    <subfield code="0">(isni)0000 0000 7387 6733</subfield>
    <subfield code="0">(viaf)55889756</subfield>
    <subfield code="e">aut</subfield>
    <subfield code="9">682687</subfield>
  </datafield>
  <datafield tag="700" ind1="1" ind2="0">
    <subfield code="a">Martini, Tanya </subfield>
    <subfield code="4">aut</subfield>
    <subfield code="e">aut</subfield>
    <subfield code="9">809294</subfield>
  </datafield>
  <datafield tag="856" ind1="4" ind2=" ">
    <subfield code="u">https://login.udea.lookproxy.com/login?url=https://www.ebooks7-24.com:443/?il=9438</subfield>
  </datafield>
  <datafield tag="942" ind1=" " ind2=" ">
    <subfield code="c">BOOK</subfield>
    <subfield code="n">0</subfield>
  </datafield>
  <datafield tag="999" ind1=" " ind2=" ">
    <subfield code="c">828043</subfield>
    <subfield code="d">828043</subfield>
  </datafield>
</record>
